Trade, finance and development in Pakistan / (Record no. 126516)

MARC details
000 -LEADER
fixed length control field 00776nam a22002417a 4500
005 - DATE AND TIME OF LATEST TRANSACTION
control field 20170124110011.0
010 ## - LIBRARY OF CONGRESS CONTROL NUMBER
LC control number 432213
020 ## - INTERNATIONAL STANDARD BOOK NUMBER
Terms of availability 00.00
035 ## - SYSTEM CONTROL NUMBER
System control number 432213
037 ## - SOURCE OF ACQUISITION
Source of stock number/acquisition Cen Lib/Ret
040 ## - CATALOGING SOURCE
Original cataloging agency DPL
Language of cataloging EN
082 ## - DEWEY DECIMAL CLASSIFICATION NUMBER
Classification number 381.09547
Item number AND
100 ## - MAIN ENTRY--PERSONAL NAME
Personal name Andrus, J. Russell
9 (RLIN) 17731
245 ## - TITLE STATEMENT
Title Trade, finance and development in Pakistan /
Statement of responsibility, etc by J. Russell Andrus [and] Azizali F. Mohammed
260 ## - PUBLICATION, DISTRIBUTION, ETC. (IMPRINT)
Place of publication, distribution, etc Pakistan
Name of publisher, distributor, etc Oxford University Press
Date of publication, distribution, etc 1966
270 ## - ADDRESS
City Karachi
300 ## - PHYSICAL DESCRIPTION
Extent xii,289p.
Dimensions 20cm(Hb)
500 ## - GENERAL NOTE
General note Includes bibliographical references and index<br/>
650 ## - SUBJECT ADDED ENTRY--TOPICAL TERM
Topical term or geographic name as entry element Pakistan -- Economic conditions
9 (RLIN) 8037
650 ## - SUBJECT ADDED ENTRY--TOPICAL TERM
Topical term or geographic name as entry element Finance, Public -- Pakistan
9 (RLIN) 17732
700 ## - ADDED ENTRY--PERSONAL NAME
Personal name Azizali F. Mohammed
9 (RLIN) 17733
942 ## - ADDED ENTRY ELEMENTS (KOHA)
Source of classification or shelving scheme Dewey Decimal Classification
Koha item type English Books
Classification part 381.09547
Call number suffix AND
Holdings
Withdrawn status Lost status Damaged status Not for loan Home library Current library Date acquired Source of acquisition Cost, normal purchase price Total Checkouts Full call number Barcode Date last seen Copy number Cost, replacement price Price effective from Koha item type Public note
Written off       Central Library Central Library 25/06/2015 Cen Lib/Ret 0.00   381.09547 AND 432213 25/06/2015 1 0.00 25/06/2015 English Books Written off on approval by DLB (By Circulation); dtd 15-06-2023

© Delhi Public Library
Hit Counter
free hit counter